France - Tous les joueurs depuis 2010 - Statistiques

Statistiques générales
  • Ce quiz a été pris 530 fois
    49 depuis la dernière actualisation
  • Le résultat moyen est 111 sur 145
Statistiques - réponses
Période de Séléction Joueur Clubs Nombre de Séléctions Poste % Correct
2014 - 2024 AntoineGriezmann Real Sociedad - Atletico Madrid- Barcelone - Atletico Madrid 137 A
100%
2008 - 2022 Hugo Lloris Nice - Ol - Tottenham - Los Angeles 145 G
100%
2011 - 2024 OlivierGiroud Grenoble - Istres - Tours - Montpellier - Arsenal - Chelsea - Milan - Los Angeles - Lille 137 A
100%
2007 - 2022 KarimBenzema Ol - Real Madrid - Al Itthiad 97 A
97%
2017 - Kylian Mbappé Monaco - Psg - Real Madrid 93 A
97%
2013 - 2022 PaulPogba Manchester United - Juventus - Manchester United - Juventus - Monaco 91 M
97%
1997 - 2010 ThierryHenry Monaco - Juventus - Arsenal - Barcelone - New york - Arsenal 123 A
97%
2016 - AdrienRabiot Psg - Toulouse - Psg - Juventus - Om - Ac Milan 56 M
95%
2016 - Ousmane Dembélé Rennes - Dortmund - Barcelone - Psg 57 A
95%
2013 - 2022 RaphaelVarane Lens - Real Madrid - Manchester United - Como 93 D
95%
2007 - 2016 BacarySagna Auxerre - Arsenal - Manchester City - Benevento - Montreal 65 D
92%
2017 - BenjaminPavard Lille - Stuttgart - Bayern - Inter - Om 55 D
92%
2010 - 2018 DimitriPayet Nantes - Saint Etienne - Lille - Om - West Ham -Om - Vasco De Gama 38 M
92%
2006 - 2014 FranckRibéry Alès - Boulogne - Brest -Metz - Galatasaray - Om -Bayern Munich - Fiorentina - Salernitana 81 A
92%
2023 - KéphrenThuram Monaco - Nice - Juventus 4 M
92%
2018 - Lucas Hernandez Atletico Madrid - Bayern Munich - Psg 40 D
92%
2020 - MarcusThuram Sochaux - Guingamp - Borussia Monchengladbach - Inter 31 A
92%
2016 - N'goloKanté Boulogne - Caen - Leicester - Chelsea - Al Itthiad 65 M
92%
1998 - 2010 NicolasAnelka Psg - Arsenal - Real Madrid - Psg - Manchester City - Fenerbahce - Bolton - Chelsea - Shanghai - Juventus - West Bromwich - Mumbai City 69 A
92%
2004 - 2016 PatriceEvra Marsala - Monza - Nice - Monaco - Manchester United - Juventus - Om - West Ham 81 D
92%
2016 - 2019 Samuel Umtiti Ol - Barcelone - Lecce - Lille 31 D
92%
2008 - 2022 Steve Mandanda Le Havre - Om -Crystal Palace - Rennes 38 G
92%
2021 - ThéoHernandez Atletico Madrid - Alaves - Real Madrid - Real Sociedad - Milan - Al Hilal 41 D
92%
2009 - 2016 André - PierreGignac Lorient - Toulouse - Om - Tigres 36 A
89%
2010 - 2019 BlaiseMatuidi Troyes - Saint Etienne - Psg - JuventusInter Miami 84 M
89%
2017 - 2021 CorentinTolisso Ol - Bayern Munich - Ol 28 M
89%
2020 - EduardoCamavinga Rennes - Real Madrid 28 M
89%
2017 - Florian Thauvin Bastia - Om - Newcastle - Om - Tigres - Udinese - Lens 13 A
89%
2009 - 2021 MoussaSissoko Toulouse - Newcastle - Tottenham - Watford -Nantes - Watford 71 M
89%
2015 - 2020 Nabil Fékir OL - Betis Séville - Al Jazira 25 M
89%
2007 - 2013 Samir Nasri Om - Arsenal - Manchester City - Séville - Antalyaspor - West Ham - Anderlecht 41 M
89%
2021 - AurélienTchouaméni Bordeaux - Monaco - Real Madrid 43 M
87%
2004 - 2013 EricAbidal Monaco - Lille - Lyon - Barcelone - Monaco - Olympiakos 66 D
87%
2022 - IbrahimaKonaté Sochaux - Leipzig - Liverpool 26 D
87%
2021 - JulesKoundé Bordeaux - Séville - Barcelone 46 D
87%
2015 - KingsleyComan Psg - Juventus - Bayern Munich - Al Nassr 61 A
87%
2011 - 2018 LaurentKoscielny Guingamp - Tours - LorientArsenal - Bordeaux 51 D
87%
2014 - LucasDigne Lille - Psg - Rome - Barcelone - Everton - Aston Villa 55 D
87%
2010 - 2018 MamadouSakho Psg - Liverpool - Crystal Palace - Montpellier - Torpedo Kutaisi 29 D
87%
2018 - 2022 PresnelKimpembe Psg - Qatar Sc 28 D
87%
2023 - WesleyFofana Saint Etienne - Leicester - Chelsea 1 D
87%
2022 - WilliamSaliba Saint Etienne - Arsenal - Nice - Om - Arsenal 31 D
87%
2022 - YoussoufFofana Strasbourg - Monaco - Milan 25 M
87%
2007 - 2012 AbouDiaby Auxerre - Arsenal - Om 16 M
84%
2010 - 2018 AdilRami Lille - Valence - Milan - Séville - Om - Fenerbahce - Sochi - Boavista - Troyes 36 D
84%
2013 - 2017 AlexandreLacazette Ol - Arsenal - Ol - Neom 16 A
84%
2020 - DayotUpamecano Valenciennes - Salzburg - Leipzig - Bayern Munich 35 D
84%
2007 - 2015 HatemBen Arfa Ol - Om - Newcastle - Hull - Nice - Psg - Rennes -Valladolid - Bordeaux - Lille 15 M
84%
2025 - LucasChevalier Lille - Valenciennes - Lille - Psg 1 G
84%
2023 - MaloGusto Ol - Chelsea 8 D
84%
2010 - 2015 MathieuValbuena Libourne - Om -Dynamo Moscou - Ol - Fenerbahce - Olympiakos - Apollon Limassol - Athens Kallithea - Olympiakos B 52 M
84%
2021 - MattéoGuendouzi Lorient - Arsenal - Herta Berlin - Om - Lazio 14 M
84%
2020 - MikeMaignan Psg - Lille - Milan 37 G
84%
2021 - MoussaDiaby Psg - Crotone - Psg - Bayer Leverkusen - Aston Villa - Al Itthiad 10 A
84%
2022 - RandalKolo Muani Boulogne - Nantes - Francfort - Psg - Juventus - Tottenham 31 A
84%
2010 - 2015 StéphaneRuffier Monaco - Bayonne - Saint - Etienne 3 G
84%
2018 - 2021 TanguyNdombélé Amiens - Ol - Tottenham - Napoli - Galatasaray - Nice 8 M
84%
2002 - 2010 WilliamGallas Caen - Marseille - Chelsea - Arsenal - Tottenham - Perth Glory 84 D
84%
2018 - Alphonse Areola Lens - Bastia - Vilarreal - Psg - Real Madrid - Fulham - West Ham 5 G
82%
2017 - 2019 BenjaminMendy Le Havre - Om - Monaco - Manchester City - Lorient - Fc Zurich - Pogon Szczecin 10 D
82%
2024 - BradleyBarcola Ol - Psg 18 A
82%
2019 - ClémentLenglet Nancy - Séville - Barcelone - Tottenham - Aston Villa - Atletico Madrid 16 D
82%
2025 - DésiréDoué Rennes - Psg 5 M/A
82%
2002 - 2011 DjibrilCissé Auxerre - Liverpool - Om - Sunderland - Panathinaikos - Lazio - Al Gharafa - Qpr - Krasnodar - Bastia - Saint Pierroise -Yverdon 41 A
82%
2018 - FerlandMendy Le Havre - Ol - Real Madrid 10 D
82%
2025 - RayanCherki OL - Manchester City 4 M/A
82%
2016 - 2021 ThomasLemar Caen - Monaco - Atletico Madrid - Girona 27 M
82%
2008 - 2013 YoannGourcuff Rennes - Milan - Bordeaux - Ol -Rennes - Dijon 32 M
82%
2010 - 2016 Yohan Cabaye Lille - Newcastle - PSG - Crystal Palace - Al Nasr - Saint Etienne 48 M
82%
2015 - 2021 AnthonyMartial Ol - Monaco - Manchester United - Séville - Manchester United - Aek Athènes - Monterrey 30 A
79%
2022 - BoubacarKamara Om - Aston Villa 5 M
79%
2023 - Brice Samba Le Havre - Om - Nancy - Caen - Nottingham Forrest - Lens - Stade Rennais 3 G
79%
2004 - 2012 Florent Malouda Chateauroux - Guingamp - Ol - Chelsea - Trabzonspor - Metz - Delhi Dyanamos - Wadi Degla - Differdange 80 A
79%
2025 - Jean - PhilippeMateta Chateauroux - Ol - Le Havre - Mayence - Crystal Palace 3 A
79%
2010 - 2017 KévinGameiro Strasbourg - Lorient - Psg - Séville - Atletico Madrid - Valence - Strasbourg 13 A
79%
2007- 2016 LassanaDiarra Havre - Chelsea - Arsenal - Portsmouth - RealMadrid - Anzhi - Lokomotiv Moscou - Om - Al Jazira - Psg 34 M
79%
2011 - 2015 MatthieuDebuchy Lille - Newcastle - Arsenal - Bordeaux - Saint Etienne - Valenciennes 27 D
79%
2002 - 2012 PhilippeMexes Auxerre - Rome - Milan 29 D
79%
2023 - WarrenZaire - Emery Psg 9 M
79%
2004 - 2012 Alou Diarra Louhan Cuiseaux - Bayern Munich -Liverpool - Havre - Bastia - Lens - Ol - Bordeaux - Om - West Ham - Rennes - Charlton - Nancy 44 M
76%
2022 - ChristopherNkunku Psg - Leipzig - Chelsea - Milan 18 M/A
76%
2020 - 2020 HoussemAouar Ol - Rome - Al Itthiad 1 M
76%
2025 - HugoEkitike Reims - Velje Bk - Reims - Psg - Eintracht Frankfurt - Liverpool 6 A
76%
2011 - 2016 JérémyMathieu Sochaux - Toulouse - Valence - Barcelone - Sporting Lisbonne - Luynes 5 D
76%
2022 - JonathanClauss Vauban - Linz - Rao L'étape - Avranches - Arminia Bielefeld - Lens - Om - Nice 14 D
76%
2019 - 2021 LeoDubois Nantes - Ol - Galatasaray - Basaksehir - Eyupspor 13 D
76%
2011 - 2015 MaximeGonalons Ol - Rome - Séville - Grenade - Clermont 8 M
76%
2024 - MichaelOlise Reading - Crystal Palace - Bayern Munich 13 A
76%
2014 - 2015 MorganSchneiderlin Strasbourg - Southampton - Manchester United - Everton - Nice - Western Sydney - Konyaspor - Kifisias 15 M
76%
2025 - PierreKalulu Milan - Juventus 1 D
76%
2018 - 2018 AlassanePléa Ol - Auxerre - Nice - Borussia Monchenladbach - Psv 1 A
74%
2022 - 2023 AxelDisasi Reims - Monaco - Chelsea - Aston Villa 5 D
74%
2022 - 2022 BenoitBadiashile Monaco - Chelsea 2 D
74%
2023 - CastelloLukeba Ol - Leipzig 1 D
74%
2012 - 2017 ChristopheJallet Niort - Lorient - Psg - Ol - Nice - Amiens 16 D
74%
2016 - 2018 DjibrilSidibé Troyes - Lille - Monaco - Everton - Aek Athenes - Toulouse 18 D
74%
2013 - 2016 EliaquimMangala Standard Liège - Porto -Manchester City - Valence - Everton - Saint Etienne - Estoril Praia 8 D
74%
2008 - 2013 GaelClichy Cannes - Arsenal - Manchester City - Basaksehir - Servette 20 D
74%
2006 - 2010 JérémyToulalan Nantes - Ol - Malaga - Monaco - Bordeaux 36 M
74%
2011 - 2012 MarvinMartin Sochaux - Lille - Dijon - Reims - Chambly - Hyeres 15 M
74%
2017 - 2020 Steven Nzonzi Amiens - Blackburn - Stoke - Séville - Rome - Galatasaray - Rennes - Al Rayyan - Konyaspor - Sepahan - Stoke 20 M
74%
2018 - 2022 WissamBen Yedder Toulouse - Séville - Monaco - Sepahan - Sekaryaspor 19 A
74%
2016 - 2016 BenoitCostil Caen - Vannes - Sedan - Rennes - Bordeaux - Auxerre - Lille - Salernitana 1 G
71%
2014 - 2019 LayvinKurzawa Monaco - Psg - Fulham - Psg - Boavista 13 D
71%
2025 - LoicBade Lens - Rennes - Nottingham Forrest - Seville - Bayer Leverkusen 1 D
71%
2024 - ManuKoné Toulouse - Borussia Monchengladbach - Roma 12 M
71%
2021 - 2021 NordiMukiele Laval - Motpellier - Leipzig - Psg - Bayer Leverkusen - Sunderland 1 D
71%
2004 - 2014 RioMavuba Bordeaux - Villareal - Lille - Sparta Prague 13 M
71%
2010 - 2012 YannM'Vila Rennes - Rubin Kazan - Inter - Sunderland -Saint Etienne - Olympiakos - West Bromwich - Caen 22 M
71%
2008 - 2013 BafétimbiGomis Saint Etienne - Troyes - Ol - Swansea - Om - Galatasaray - Al Hilal - Kawasaki 12 A
68%
2012 - 2015 BenoitTrémoulinas Bordeaux - Dynamo Kiev - Saint - Etienne - Séville 5 D
68%
2013 - 2014 ClémentGrenier Ol - Rome - Guinguamp - Rennes - Mallorque - Racing Santander 5 M
68%
2010 - 2011 GuillaumeHoarau Le Havre - Gueugnon - Psg - Dalian - Bordeaux - Young Boys - Fc Sion - Saint Pierroise - Fc Muri 5 A
68%
2010 - 2013 JérémyMénez Sochaux - Monaco - Rome - Milan - Bordeaux - Antalyaspor - America - Paris Fc - Reggina - Bari - Canton United 24 A
68%
2015 - 2021 KurtZouma Saint Etienne - Chelsea - Stoke - Everton - West Ham - Al Orobah - Cluj 11 D
68%
2025 - MagnesAkliouche Monaco 5 M
68%
2002 - 2010 SidneyGovou Ol - Panathinaikos - Evian - Chasselay - Miami City - Limonest 49 A
68%
2013 - 2015 GeoffreyKondogbia Lens - Séville - Monaco - Inter - Valence - Atletico Madrid - Om 5 M
66%
2023 - 2023 Jean - ClairTodibo Toulouse - Barcelone - Schalke - Benfica - Nice - West Ham United 2 D
66%
2009 - 2014 LoicRémy Ol - Lens - Nice - Om - Newcastle - Chelsea - Qpr - Las Palmas - Getafe - Lille - Rizespor - Demirspor -Brest 31 A
63%
2014 - 2014 Rémy Cabella Arles - Montpellier - Newcastle - Om - Saint Etienne - Krasnodar - Montpellier - Lille - Olympiakos 4 M
63%
2022 - AdrienTruffert Rennes - Bournemouth 1 D
61%
2011 - 2011 CedricCarrasso Om - Crystal Palace - Guingamp - Toulouse - Bordeaux - Galatasaray 1 G
61%
2019 - 2019 Jonathan Ikoné Psg - Montpellier - Lille - Fiorentina - Como - Paris Fc 4 A
61%
2021 - 2022 JordanVeretout Nantes - Aston Villa - Saint Etienne - Fiorentina - Rome - OM - OL - Al Arabi 6 M
61%
2017 - 2017 TiemouéBakayoko Rennes - Monaco - Chelsea - Milan - Napoli - Milan - Lorient - PAOK 1 M
61%
2003 - 2012 AnthonyRéveillere Rennes - Valence - Ol - Napoli -Sunderland 19 D
58%
2012 - 2012 ClémentChantome Psg - Toulouse - Bordeaux - Rennes - Lens - Red Star - Poissy - Chartres 1 M
58%
2012 - 2013 EtienneCapoue Toulouse - Tottenham - Watford - Villareal 7 M
58%
2013 - 2015 JosuhaGuilavogui Saint Etienne - Atletico Madrid - Wolfsburg - Bordeaux - Mayence 7 M
58%
2020 - 2020 Ruben Aguilar Grenoble - Auxerre - Montpellier - Monaco - Lens 1 D
58%
2004 - 2010 SébastienSquillaci Ajaccio - Monaco - Ol - Séville - Arsenal - Bastia 21 D
53%
2008 - 2012 JimmyBriand Rennes - Ol - Hannovre - Guingamp - Bordeaux 5 A
50%
2004 - 2012 Louis Saha Metz - Newcastle - Fulham - Manchester United - Everton - Sunderland -Tottenham - Lazio 20 A
47%
2010 - 2010 Marc Planus Bordeaux 1 D
47%
2012 - 2014 Mapou Yanga - Mbiwa Montpellier - Newcastle - Rome - Ol - Istres 4 D
45%
2015 - 2015 Paul - GeorgesNtep Auxerre - Rennes - Wolfsburg - Saint Etienne - Kayserispor - Guingamp - Boavista - Ho Chi Mihn Fc 2 A
45%
2016 - 2016 SébastienCorchia Le Mans - Sochaux - Lille - Séville - Befica - Espanyol - Nantes - Amiens - Cannes 1 D
45%
2010 - 2010 AlyCissokho Gueugnon - Vitoria - Porto - Ol - Valence - Liverpool - Aston Villa - Olympiakos - Malatyaspor - Antalyaspoir - Blois - Lamphun 1 D
42%
2011 - 2011 Younes Kaboul Auxerre - Tottenham - Portsmouth - Sunderland -Watford 5 D
39%
2012 - 2012 MorganAmalfitano Sedan - Lorient - Om - West Bromwich - West Ham - Lille - Rennes 1 M
37%
2008 - 2010 RodFanni Martigues - Lens - Chateauroux - Rennes - Om - Al Arabi - Charlton - Om - Montreal 5 D
37%
2010 - 2010 Charles N'Zogbia Le Havre - Newcastle - Wigan - Aston Villa 2 M
26%
2010 - 2010 MichaelCiani Charleroi - Auxerre - Sedan - Lorient - Bordeaux -Lazio - Sporting - Espanyol - Lorient - La Galaxy 1 D
24%
2006 - 2010 JulienEscudé Cannes - Rennes - Ajax - Séville - Besiktas 13 D
21%
Aucun quiz correspondant
Distribution des résultats
% des personnes avec chaque résultat
Percentile par nombre de réponses
Votre historique - résultats
Vous n’avez pas pris ce quiz depuis la dernière actualisation